| 000 | 00427nam a2200169Ia 4500 | ||
|---|---|---|---|
| 003 | GCL | ||
| 008 | 140319s9999 xx 000 0 eng d | ||
| 040 |
_aGCL / _cGCL |
||
| 082 | 0 | 4 |
_a372.357 _bP H |
| 100 | 1 | _aPALMER, JOY | |
| 245 | 1 | 0 |
_aTHE HANDBOOK OF ENVIRONMENTAL EDUCATION / _cPALMER, JOY |
| 260 |
_a[S.N] : _bROUTLEDGE ، _c1994 |
||
| 300 | _a267 P | ||
| 650 | 0 | 4 | _aENVIRONMENT |
| 650 | 0 | 4 | _aEDUCATION |
| 942 |
_2ddc _cBK |
||
| 999 |
_c17720 _d17720 |
||